| 000 | 00428nam a22001577a 4500 | ||
|---|---|---|---|
| 003 | SGT | ||
| 020 | _a9789339204105 | ||
| 082 | _a658.5,CHA | ||
| 100 | _aCHASE, RICHARD B. | ||
| 245 | _aOPERATIONS AND SUPPLY CHAIN MANAGEMENT | ||
| 260 |
_aNEW DELHI _bMC GRAW HILL EDUCATION _c2015 |
||
| 300 | _a934 | ||
| 650 | _aMANAGEMENT | ||
| 653 | _aPRODUCTS, AND CAPACITY, MANUFACTURING AND SERVICE PROCESSES, | ||
| 942 |
_2ddc _cFCM _02 |
||
| 999 |
_c9732 _d9732 |
||